| 000 | 00783nam a2200253 a 4500 | ||
|---|---|---|---|
| 005 | 20191224041535.0 | ||
| 008 | 140221b1974 ck ||||gr|||| 10| 0 spa d | ||
| 040 |
_aCO-BoIAVH _cCO-BoIAVH |
||
| 041 | _aspa | ||
| 044 | _ack | ||
| 082 | 4 |
_a595.7072 _bC74c |
|
| 090 |
_aLB _b00567 |
||
| 111 |
_aCongreso de la Sociedad de Entomología Colombiana _cCali _d1974 _nII _948690 |
||
| 245 | 1 |
_aCongreso de la sociedad de entomología colombiana _bmemorias |
|
| 260 |
_aCali _bCOLCIENCIAS _bSOCOLEN _c1974 |
||
| 300 |
_a174 paginas.: _bilutraciones; _c27 x 21 cm |
||
| 650 | 4 |
_aEntomología _94483 |
|
| 650 | 4 |
_aControl biológico _948692 |
|
| 650 | 4 |
_aInsectos benéficos _98338 |
|
| 650 | 4 |
_aEcología _948693 |
|
| 650 | 4 |
_aTaxonomía animal _98245 |
|
| 662 | _aColombia | ||
| 942 |
_cLIBRO _2ddc |
||
| 999 |
_c585 _d585 |
||